Something I Never Told You/ (Record no. 199353)
[ view plain ]
| 000 -LEADER | |
|---|---|
| fixed length control field | 00692nam a22001937a 4500 |
| 005 - DATE AND TIME OF LATEST TRANSACTION | |
| control field | 20231220154614.0 |
| 010 ## - LCCN (DPL NO) | |
| LC control number | B-756018-024 |
| 020 ## - INTERNATIONAL STANDARD BOOK NUMBER | |
| International Standard Book Number | 9780143445906 |
| Terms of availability | 250.00 |
| 035 ## - SYSTEM CONTROL NUMBER | |
| System control number | B-756018-024 |
| 037 ## - SOURCE OF ACQUISITION | |
| Stock number | K.K. Publication |
| 082 ## - DEWEY DECIMAL CLASSIFICATION NUMBER | |
| Classification number | S |
| 100 ## - MAIN ENTRY--PERSONAL NAME | |
| Personal name | Bhinder,Shravya |
| 245 ## - TITLE STATEMENT | |
| Title | Something I Never Told You/ |
| Statement of responsibility, etc | Shravya Bhinder |
| 260 ## - PUBLICATION, DISTRIBUTION, ETC. (IMPRINT) | |
| Place of publication, distribution, etc | Haryana |
| Name of publisher, distributor, etc | Penguin Metro Reads |
| Date of publication, distribution, etc | 2019 |
| 270 ## - ADDRESS | |
| Address | 4th Floor, Capital Tower 1, MG Road Gurugram |
| City | Haryana |
| Postal code | 122002 |
| 300 ## - PHYSICAL DESCRIPTION | |
| Extent | 225p. |
| Dimensions | 20cm(pbk) |
| 942 ## - ADDED ENTRY ELEMENTS (KOHA) | |
| Source of classification or shelving scheme | Dewey Decimal Classification |
| Item type | English Books |
| Call number suffix | BHI |
| Classification part | S |
| Withdrawn status | Lost status | Not for loan | Collection code | Home library | Current library | Date acquired | Source of acquisition | Cost, normal purchase price | Full call number | Barcode | Copy number | Cost, replacement price | Koha item type |
|---|---|---|---|---|---|---|---|---|---|---|---|---|---|
| Fiction | Ashok Vihar | Ashok Vihar | 20/12/2023 | K.K. Pub/79/25.11.23/39/23.11.23/1.12.23 | 250.00 | BHI S | B-756020 | 1 | 250.00 | English Books | |||
| Fiction | Bagh Kadhe Khan | Bagh Kadhe Khan | 20/12/2023 | K.K. Pub/79/25.11.23/39/23.11.23/1.12.23 | 250.00 | BHI S | B-756021 | 1 | 250.00 | English Books | |||
| Fiction | Central Library | Central Library | 20/12/2023 | K.K. Pub/79/25.11.23/39/23.11.23/1.12.23 | 250.00 | BHI S | B-756018 | 1 | 250.00 | English Books | |||
| Fiction | Mobile Library | Mobile Library | 20/12/2023 | K.K. Pub/79/25.11.23/39/23.11.23/1.12.23 | 250.00 | BHI S | B-756019 | 1 | 250.00 | English Books | |||
| Fiction | Narela | Narela | 20/12/2023 | K.K. Pub/79/25.11.23/39/23.11.23/1.12.23 | 250.00 | BHI S | B-756022 | 1 | 250.00 | English Books | |||
| Fiction | Shahdara Branch | Shahdara Branch | 20/12/2023 | K.K. Pub/79/25.11.23/39/23.11.23/1.12.23 | 250.00 | BHI S | B-756023 | 1 | 250.00 | English Books | |||
| Fiction | Yojana Vihar | Yojana Vihar | 20/12/2023 | K.K. Pub/79/25.11.23/39/23.11.23/1.12.23 | 250.00 | BHI S | B-756024 | 1 | 250.00 | English Books |
